Maria Callas, the woman behind the legend / (Record no. 27)

MARC details
000 -LEADER
fixed length control field 00756cam a2200241 i 4500
005 - DATE AND TIME OF LATEST TRANSACTION
control field 20260322212003.0
008 - FIXED-LENGTH DATA ELEMENTS--GENERAL INFORMATION
fixed length control field data
010 ## - LIBRARY OF CONGRESS CONTROL NUMBER
LC control number 80022661
020 ## - INTERNATIONAL STANDARD BOOK NUMBER
International Standard Book Number 0671255835 :
Terms of availability {dollar}15.95
020 ## - INTERNATIONAL STANDARD BOOK NUMBER
International Standard Book Number 9780671255831 :
Terms of availability {dollar}15.95
040 ## - CATALOGING SOURCE
Original cataloging agency DLC
Transcribing agency DLC
Modifying agency DLC
050 00 - LIBRARY OF CONGRESS CALL NUMBER
Classification number ML420.C18
Item number S7
082 00 - DEWEY DECIMAL CLASSIFICATION NUMBER
Classification number B
-- B
Edition information 19
001 - CONTROL NUMBER
control field data
100 1# - MAIN ENTRY--PERSONAL NAME
Personal name Huffington, Arianna Stassinopoulos,
Dates associated with a name 1950-
245 10 - TITLE STATEMENT
Title Maria Callas, the woman behind the legend /
Statement of responsibility, etc. Arianna Stassinopoulos Huffington.
260 ## - PUBLICATION, DISTRIBUTION, ETC.
Place of publication, distribution, etc. New York :
Name of publisher, distributor, etc. Simon and Schuster,
Date of publication, distribution, etc. c1981.
300 ## - PHYSICAL DESCRIPTION
Extent 383 p., [16] leaves of plates :
Other physical details ill. ;
Dimensions 24 cm.
500 ## - GENERAL NOTE
General note Includes index.
504 ## - BIBLIOGRAPHY, ETC. NOTE
Bibliography, etc. note Bibliography: p. 359-367.
600 10 - SUBJECT ADDED ENTRY--PERSONAL NAME
Personal name Callas, Maria,
Dates associated with a name 1923-1977.
650 #0 - SUBJECT ADDED ENTRY--TOPICAL TERM
Topical term or geographic name entry element Sopranos (Singers)
General subdivision Biography.
Holdings
Withdrawn status Lost status Damaged status Not for loan Home library Current library Shelving location Date acquired Total checkouts Full call number Barcode Date last seen Price effective from Koha item type
        Centerville Centerville General stacks 22/03/2026   782.1/092/4 B 19 BC0010027 22/03/2026 22/03/2026 Books